| 000 | 01521cad a22002175a 4500 | ||
|---|---|---|---|
| 001 | L156198 | ||
| 008 | 120503s2012 xxk 000 0 eng d | ||
| 035 | _a(Sirsi) u156198 | ||
| 041 | 0 | _aeng | |
| 110 | 2 |
_aColliers International _95548 |
|
| 245 | 0 | 0 |
_aGlobal office highlights _bH2 2011 _h[electronic resource] |
| 260 |
_aSeattle _bColliers International _c2012 |
||
| 490 | 0 |
_aColliers International Global Office Highlights _vH2 2011 |
|
| 520 | _aGlobal office vacancies will continue their decline due to steady demand and low levels of new construction in North America and Europe. The "flight to quality trend" remains in many major markets with occupiers trading up to better space and locations. The Eurozone will be pushed by the European debt crisis into a mild recession in early 2012. Continued modest demand for office space is expected with most cities seeing a drop in vacancy rates. Latin America boasts some of the tightest office markets and select Asia Pacific markets will see big vacancy drops. EMEA and Asia Pacific lead global office space under construction. | ||
| 520 | _aGlobal capitalisation rates/prime yields: 10 lowest cities - Global office occupancy costs: top 10 cities - data tables covering CBD rents by city within regions: Asia Pacific; EMEA; Latin America; North America. | ||
| 590 | _aKA | ||
| 651 | 4 | _aInternational | |
| 690 |
_aCommercial property _96227 |
||
| 856 | 4 | 0 |
_uhttps://dsg.colliers.com/document.aspx?report=2721.PDF _zView the report at dsg.colliers.com |
| 942 | _n0 | ||
| 999 |
_c83964 _d83964 |
||